000 00640nam a2200241Ia 4500
003 OSt
005 20220928110410.0
006 a|||||r|||| 00| 0
007 ta
008 220927b |||||||| |||| 00| 0 eng d
024 _a37711
037 _cTextual
040 _aSDCL
_cSDCL
_beng
041 _2eng
_aeng
082 _aR3xK32,EC, K4
100 _aLocke John
_9406250
245 0 _aEssay concerning human understanding.
260 _aLondon
_bFontana
_c1964
300 _a475p.
_ccm.
490 _aFontana philosophy classics.
942 _hR3xK32,EC, K4
_cTEXL
_2CC
999 _c735439
_d735439